000 00190nam a2200085 4500
001 1254712
005 20251121091533.0
245 _aYEDEK KALECİ
_cHÜSEYİN KELEŞ
260 _bTİMAŞ YAYINLARI
999 _c1254712
_d1254712